QUEST Central Library Banner

Microwave and radar engineering / (Record no. 8046)

MARC details
000 -LEADER
fixed length control field 00459nam a2200145 a 4500
100 1# - MAIN ENTRY--AUTHOR NAME
Personal name Gautam, A.K
245 10 - TITLE STATEMENT
Title Microwave and radar engineering /
260 ## - PUBLICATION, DISTRIBUTION, ETC. (IMPRINT)
Place of publication New Delhi :
Name of publisher Pearson Education,
Year of publication 2010.
300 ## - PHYSICAL DESCRIPTION
Number of Pages 490 p.
700 1# - ADDED ENTRY--PERSONAL NAME
Personal name Gautam A K
856 40 - ELECTRONIC LOCATION AND ACCESS
Uniform Resource Identifier http://www.amazon.com/exec/obidos/ASIN/1848290489/chopaconline-20
Holdings
Withdrawn status Lost status Home library Current library Date acquired Cost, normal purchase price Full call number Accession Number Koha item type
    Central Library, QUEST, Nawabshah Central Library, QUEST, Nawabshah 15/07/2014 462.00 621.384GAU 42245 Books
    Central Library, QUEST, Nawabshah Central Library, QUEST, Nawabshah 27/10/2017 483.00 621.3813GAU 56880 Books

Copyright © 2018,The QUEST, Nawabshah, Shaheed Benazirabad. All rights reserved
Mr. G. Farooq Channar (Librarian) QUEST, Nawabshah, Sindh, Pakistan 67480.
 Ph#: |   0244-9370381-4 Ext. 2308   Email| lib@quest.edu.pk   Web|  http://www.quest.edu.pk